Normal view
MARC view
- Maj Muhammad Adnan Hanif
Entry Personal Name
001 - CONTROL NUMBER
- control field: 51576
003 - CONTROL NUMBER IDENTIFIER
- control field: NUST
005 - DATE AND TIME OF LATEST TRANSACTION
- control field: 20210314135026.0
008 - FIXED-LENGTH DATA ELEMENTS
- fixed length control field: 210314|| aca||aabn | a|a d
040 ## - CATALOGING SOURCE
- Original cataloging agency: NUST
- Transcribing agency: NUST
100 ## - HEADING--PERSONAL NAME
- Personal name: Maj Muhammad Adnan Hanif
670 ## - SOURCE DATA FOUND
- Source citation: Work cat.: (NUST): Maj Muhammad Adnan Hanif , Enhancement of cyclic performance of masonry structures using various confining techniques , 2019.
